Amazing grace (Record no. 974)

MARC details
000 -LEADER
fixed length control field 03240cgm a2200601Ii 4500
003 - CONTROL NUMBER IDENTIFIER
control field data
005 - DATE AND TIME OF LATEST TRANSACTION
control field 20260322212041.0
007 - PHYSICAL DESCRIPTION FIXED FIELD--GENERAL INFORMATION
fixed length control field data
008 - FIXED-LENGTH DATA ELEMENTS--GENERAL INFORMATION
fixed length control field data
020 ## - INTERNATIONAL STANDARD BOOK NUMBER
International Standard Book Number 9781598285642
020 ## - INTERNATIONAL STANDARD BOOK NUMBER
International Standard Book Number 1598285645
024 1# - OTHER STANDARD IDENTIFIER
Standard number or code 054961856497
028 42 - PUBLISHER OR DISTRIBUTOR NUMBER
Publisher or distributor number AMP-8564
Source Athena
040 ## - CATALOGING SOURCE
Original cataloging agency ZAM
Transcribing agency ZAM
Modifying agency MNT
-- MNT
041 0# - LANGUAGE CODE
Language code of text/sound track or separate title eng
Language code of accompanying material other than librettos and transcripts eng
Language code of subtitles eng
090 ## - LOCALLY ASSIGNED LC-TYPE CALL NUMBER (OCLC); LOCAL CALL NUMBER (RLIN)
Classification number (OCLC) (R) ; Classification number, CALL (RLIN) (NR) DVD 791.43 A439
001 - CONTROL NUMBER
control field data
245 00 - TITLE STATEMENT
Title Amazing grace
Medium [videorecording] :
Remainder of title with Bill Moyers /
Statement of responsibility, etc. edited by Bill D. Moyers ... [et al.].
246 3# - VARYING FORM OF TITLE
Title proper/short title Story of a song that makes a difference.
260 ## - PUBLICATION, DISTRIBUTION, ETC.
Place of publication, distribution, etc. Silver Spring, MD :
Name of publisher, distributor, etc. Acorn Media,
-- Acorn Media,
Date of publication, distribution, etc. c2011.
300 ## - PHYSICAL DESCRIPTION
Extent 1 videodisc (80 min.) :
Other physical details sd., col. ;
Dimensions 4 3/4 in.
500 ## - GENERAL NOTE
General note Originally aired on PBS in 1990.
500 ## - GENERAL NOTE
General note Includes the documentary Pure Pete Seeger, originally broadcast in 1994 as a segment of the television program Bill Moyers' journal, in which Moyers interviews and provides a musical portrait of 75 year old folk singer and activist Pete Seeger.
500 ## - GENERAL NOTE
General note 12-page viewer's guide with articles on the inspiration for the program, the song's lyrics, shape-note singing, and facts about the song inserted in container.
505 0# - FORMATTED CONTENTS NOTE
Formatted contents note Amazing grace (80:00) -- Special features. Pure Pete Seeger (54:00) -- Bill Moyers biography -- Performer biographies.
508 ## - CREATION/PRODUCTION CREDITS NOTE
Creation/production credits note Produced and directed by Elena Mannes ; editor, Donna Marino ; principal sound, Peter Miller ; photography, Gary Steele, Greg Andracke ; executive producers, Judith Davidson Moyers, Bill Moyers.
511 0# - PARTICIPANT OR PERFORMER NOTE
Participant or performer note Judy Collins, Jean Ritchie, shape-note singers of Holly Springs, Geo., Dewey Williams, Jessye Norman, Johnny Cash, Marion Williams, the Boys' Choir of Harlem, et al. ; words of John Newton read by Jeremy Irons.
520 ## - SUMMARY, ETC.
Summary, etc. Bill Moyers tells the story of this song, one of the most popular pieces of music in the English language, through the people who have sung it. He also tells the story of John Newton, once the captain of an English slave ship, who came to faith after surviving a storm at sea in the eighteenth century and wrote the lyrics which across distances of time and culture have become, when set to music, a courier of the spirit to millions of people.
521 8# - TARGET AUDIENCE NOTE
Target audience note MPAA rating: Not rated.
538 ## - SYSTEM DETAILS NOTE
System details note DVD, NTSC, Region 1, full screen, 4:3 aspect ratio, Dolby digital.
546 ## - LANGUAGE NOTE
Language note In English. Subtitles for the deaf and hard-of-hearing (SDH)
600 10 - SUBJECT ADDED ENTRY--PERSONAL NAME
Personal name Newton, John,
Dates associated with a name 1725-1807.
600 10 - SUBJECT ADDED ENTRY--PERSONAL NAME
Personal name Seeger, Pete,
Dates associated with a name 1919-
630 00 - SUBJECT ADDED ENTRY--UNIFORM TITLE
Uniform title Amazing grace (Hymn)
650 #0 - SUBJECT ADDED ENTRY--TOPICAL TERM
Topical term or geographic name entry element Hymns, English.
650 #0 - SUBJECT ADDED ENTRY--TOPICAL TERM
Topical term or geographic name entry element Hymns, English
General subdivision History and criticism.
650 #0 - SUBJECT ADDED ENTRY--TOPICAL TERM
Topical term or geographic name entry element Gospel music.
650 #0 - SUBJECT ADDED ENTRY--TOPICAL TERM
Topical term or geographic name entry element Shape-note singing.
650 #0 - SUBJECT ADDED ENTRY--TOPICAL TERM
Topical term or geographic name entry element Folk singers
Geographic subdivision United States
Form subdivision Interviews.
650 #0 - SUBJECT ADDED ENTRY--TOPICAL TERM
Topical term or geographic name entry element Folk singers
Geographic subdivision United States
Form subdivision Biography.
655 #7 - INDEX TERM--GENRE/FORM
Genre/form data or focus term Feature films.
Source of term lcgft.
655 #7 - INDEX TERM--GENRE/FORM
Genre/form data or focus term Documentary films.
Source of term lcgft.
655 #7 - INDEX TERM--GENRE/FORM
Genre/form data or focus term Video recordings for the hearing impaired.
Source of term lcgft.
700 1# - ADDED ENTRY--PERSONAL NAME
Personal name Moyers, Bill D.
700 1# - ADDED ENTRY--PERSONAL NAME
Personal name Mannes, Elena.
700 1# - ADDED ENTRY--PERSONAL NAME
Personal name Marino, Donna.
700 1# - ADDED ENTRY--PERSONAL NAME
Personal name Moyers, Judith Davidson.
710 2# - ADDED ENTRY--CORPORATE NAME
Corporate name or jurisdiction name as entry element Public Affairs Television (Firm)
710 2# - ADDED ENTRY--CORPORATE NAME
Corporate name or jurisdiction name as entry element Athena (Firm)
710 2# - ADDED ENTRY--CORPORATE NAME
Corporate name or jurisdiction name as entry element Acorn Media (Firm)
730 0# - ADDED ENTRY--UNIFORM TITLE
Uniform title Bill Moyers journal.
740 02 - ADDED ENTRY--UNCONTROLLED RELATED/ANALYTICAL TITLE
Uncontrolled related/analytical title Pure Pete Seeger.
Holdings
Withdrawn status Lost status Damaged status Not for loan Home library Current library Shelving location Date acquired Total checkouts Full call number Barcode Date last seen Price effective from Koha item type
        Franklin Franklin General stacks 22/03/2026   GEN BC0011006 22/03/2026 22/03/2026 Books